000 00596nam a22001937a 4500
999 _c21052
_d21052
003 AR-CdUCM
008 190725b ||||| |||| 00| 0 spa d
040 _aMUNICIPALIDAD PROVINCIAL DEL CUSCO
_cBIBLIOTECA MUNICIPAL DEL CUSCO
082 _a930.1 /
_bSA13
100 _aSaco, Maria Luisa
_943849
245 _aFuentes para el estudio del arte peruano pre-colombino /
260 _aLima :
_bRetablo de papel,
_c1978.
300 _a261 páginas ;
_c17.5 cm.
650 _aArqueología
_9371
650 _aArte
_9561
650 _aÉpoca prehispanica
_92714
942 _2ddc
_cLIBROS
945 _azta